[Event "chess.com Speed 5m+2spm 2017"]
[Site "chess.com INT"]
[Date "2017.11.18"]
[Round "2.7"]
[White "So, Wesley"]
[Black "Carlsen, Magnus"]
[Result "0-1"]
[WhiteTitle "GM"]
[BlackTitle "GM"]
[WhiteElo "2815"]
[BlackElo "2832"]
[WhiteFideId "5202213"]
[BlackFideId "1503014"]
[EventDate "2017.05.03"]

1. Nf3 d5 2. d4 Nf6 3. e3 c5 4. dxc5 e6 5. b4 a5 6. c3 axb4 7. cxb4 b6 8. a4
bxc5 9. b5 c4 10. Be2 Nbd7 11. O-O Bb4 12. Bd2 Qa5 13. Qc2 O-O 14. Nc3 Qc7 15.
Rfb1 Ba5 16. e4 Bb7 17. exd5 exd5 18. Be3 Rfe8 19. Bd4 Nc5 20. Ra2 Ne6 21. Be5
Qc5 22. Bxf6 gxf6 23. Bf1 f5 24. Nd1 f4 25. Qf5 Qf8 26. Ne5 Qg7 27. Nc6 Bxc6 28.
bxc6 Rad8 29. Rb5 Nd4 30. Qxf4 Nxb5 31. axb5 Bb6 32. Ra6 Re4 33. c7 Rxf4 0-1

[Event "chess.com Speed 5m+2spm 2017"]
[Site "chess.com INT"]
[Date "2017.11.18"]
[Round "2.8"]
[White "Carlsen, Magnus"]
[Black "So, Wesley"]
[Result "1-0"]
[WhiteTitle "GM"]
[BlackTitle "GM"]
[WhiteElo "2832"]
[BlackElo "2815"]
[WhiteFideId "1503014"]
[BlackFideId "5202213"]
[EventDate "2017.05.03"]

1. d4 d5 2. Nf3 Nf6 3. e3 c5 4. Nbd2 Nc6 5. dxc5 e6 6. a3 a5 7. b3 Bxc5 8. Bb2
O-O 9. Bb5 d4 10. Bxc6 dxe3 11. Ne4 exf2+ 12. Kf1 Qb6 13. Nxf6+ gxf6 14. Be4 Rd8
15. Qe2 1-0

[Event "chess.com Speed 5m+2spm 2017"]
[Site "chess.com INT"]
[Date "2017.11.18"]
[Round "2.9"]
[White "So, Wesley"]
[Black "Carlsen, Magnus"]
[Result "1/2-1/2"]
[WhiteTitle "GM"]
[BlackTitle "GM"]
[WhiteElo "2815"]
[BlackElo "2832"]
[WhiteFideId "5202213"]
[BlackFideId "1503014"]
[EventDate "2017.05.03"]

1. Nf3 Nf6 2. d4 c5 3. d5 b5 4. Bg5 Qb6 5. Bxf6 Qxf6 6. c3 g6 7. e3 b4 8. Nbd2
Bg7 9. Rc1 O-O 10. Be2 bxc3 11. bxc3 d6 12. O-O Nd7 13. Ne4 Qf5 14. Ng3 Qf6 15.
Ne4 Qf5 16. Ng3 Qf6 17. Ne4 1/2-1/2

[Event "chess.com Speed 5m+2spm 2017"]
[Site "chess.com INT"]
[Date "2017.11.18"]
[Round "2.10"]
[White "Carlsen, Magnus"]
[Black "So, Wesley"]
[Result "1-0"]
[WhiteTitle "GM"]
[BlackTitle "GM"]
[WhiteElo "2832"]
[BlackElo "2815"]
[WhiteFideId "1503014"]
[BlackFideId "5202213"]
[EventDate "2017.05.03"]

1. d4 Nf6 2. Nf3 d5 3. e3 c5 4. Nbd2 cxd4 5. exd4 Nc6 6. Bb5 Bg4 7. c4 dxc4 8.
Qa4 Bd7 9. Ne5 Nxe5 10. dxe5 Bxb5 11. Qxb5+ Qd7 12. Qxc4 Nd5 13. O-O Rc8 14. Qd4
e6 15. Ne4 a6 16. Bg5 h6 17. Bh4 Nf4 18. Nf6+ gxf6 19. Qxf4 fxe5 20. Qxe5 Rg8
21. Rfd1 Qc6 22. g3 Be7 23. Bxe7 Kxe7 24. Qf4 Qb6 25. Qxh6 Rc2 26. Rd2 Qxb2 27.
Qh4+ 1-0

[Event "chess.com Speed 5m+2spm 2017"]
[Site "chess.com INT"]
[Date "2017.11.18"]
[Round "2.11"]
[White "So, Wesley"]
[Black "Carlsen, Magnus"]
[Result "1/2-1/2"]
[WhiteTitle "GM"]
[BlackTitle "GM"]
[WhiteElo "2815"]
[BlackElo "2832"]
[WhiteFideId "5202213"]
[BlackFideId "1503014"]
[EventDate "2017.05.03"]

1. Nf3 Nf6 2. b3 g6 3. Bb2 Bg7 4. g3 O-O 5. c4 d6 6. Bg2 e5 7. O-O c5 8. Nc3 Nc6
9. d3 Ne8 10. Nd2 Nc7 11. a3 a5 12. Nd5 Be6 13. e3 Rb8 14. Rb1 b5 15. cxb5 Bxd5
16. bxc6 Bxg2 17. Kxg2 Qe8 18. Nc4 Qxc6+ 19. e4 d5 20. Nxe5 Bxe5 21. Bxe5 dxe4
22. Bxc7 exd3+ 23. Kg1 Qxc7 24. Qxd3 Rfd8 25. Qc3 Rd4 26. Rbc1 Qb6 27. Qxc5 Qxc5
28. Rxc5 Rxb3 29. Rxa5 Rd2 30. a4 Ra2 31. Rb5 Rxb5 32. axb5 Rb2 33. b6 Rxb6 34.
h4 h5 35. Kg2 Kg7 36. Re1 Kf6 37. Re3 Re6 38. Rf3+ Kg7 39. Rd3 Rf6 40. Re3 Rf5
41. Rd3 1/2-1/2

[Event "chess.com Speed 5m+2spm 2017"]
[Site "chess.com INT"]
[Date "2017.11.18"]
[Round "2.12"]
[White "Carlsen, Magnus"]
[Black "So, Wesley"]
[Result "1-0"]
[WhiteTitle "GM"]
[BlackTitle "GM"]
[WhiteElo "2832"]
[BlackElo "2815"]
[WhiteFideId "1503014"]
[BlackFideId "5202213"]
[EventDate "2017.05.03"]

1. d4 Nf6 2. Nf3 d5 3. Bf4 Bf5 4. e3 e6 5. c4 Bxb1 6. Qxb1 Bb4+ 7. Kd1 Bd6 8.
Bg5 h6 9. Bh4 Nbd7 10. cxd5 exd5 11. Bd3 c6 12. Ke2 Be7 13. b4 a6 14. Rc1 O-O
15. a4 Ne4 16. Bxe4 Bxh4 17. Bh7+ Kh8 18. Bf5 Nb6 19. b5 cxb5 20. axb5 a5 21. g3
Be7 22. Kf1 a4 23. h4 Ra5 24. h5 Nc4 25. Bd3 Qd7 26. Bf5 Qd6 27. Kg2 Qb6 28. Bd7
Qd6 29. Qf5 Nb6 30. Bc8 Rxb5 31. Bxb7 Rb2 32. Rc6 Qb8 33. Ba6 Qa8 34. Bd3 g6 35.
hxg6 1-0

[Event "chess.com Speed 5m+2spm 2017"]
[Site "chess.com INT"]
[Date "2017.11.18"]
[Round "2.13"]
[White "So, Wesley"]
[Black "Carlsen, Magnus"]
[Result "0-1"]
[WhiteTitle "GM"]
[BlackTitle "GM"]
[WhiteElo "2815"]
[BlackElo "2832"]
[WhiteFideId "5202213"]
[BlackFideId "1503014"]
[EventDate "2017.05.03"]

1. Nf3 c5 2. c3 d5 3. d4 e6 4. Bf4 Bd6 5. Bg3 Nf6 6. e3 O-O 7. Nbd2 Qc7 8. Bd3
Nbd7 9. e4 cxd4 10. cxd4 dxe4 11. Nxe4 Nxe4 12. Bxe4 Nf6 13. Bd3 Qa5+ 14. Ke2
Rd8 15. Bh4 Bd7 16. Bxf6 gxf6 17. Qd2 Qxd2+ 18. Nxd2 f5 19. h3 Bc6 20. Nf3 Bc7
21. g4 Bxf3+ 22. Kxf3 Rxd4 23. Rad1 Rad8 24. Ke2 fxg4 25. hxg4 Rxg4 26. Bxh7+
Kf8 27. Rdg1 Rxg1 28. Rxg1 Ke7 29. Be4 b6 30. Rd1 Rg8 31. Kf3 Be5 32. Bc6 Bd6
33. b4 Rc8 34. b5 a5 35. a4 Rh8 36. Rd4 f5 37. Ke2 Rh2 38. Kf1 Rxf2+ 0-1

[Event "chess.com Speed 3m+2spm 2017"]
[Site "chess.com INT"]
[Date "2017.11.18"]
[Round "2.15"]
[White "So, Wesley"]
[Black "Carlsen, Magnus"]
[Result "1/2-1/2"]
[WhiteTitle "GM"]
[BlackTitle "GM"]
[WhiteElo "2815"]
[BlackElo "2832"]
[WhiteFideId "5202213"]
[BlackFideId "1503014"]
[EventDate "2017.05.03"]

1. e4 e6 2. d4 d5 3. Nc3 dxe4 4. Nxe4 Bd7 5. Nf3 Bc6 6. Bd3 Nd7 7. O-O Ngf6 8.
Ng3 g6 9. Qe2 Bg7 10. Ne5 Nxe5 11. dxe5 Nd7 12. f4 O-O 13. Be4 Bxe4 14. Nxe4 Qe7
15. Be3 Rfd8 16. Rad1 f5 17. exf6 Nxf6 18. Bc5 Qe8 19. Ng5 b6 20. Ba3 c5 21.
Nxe6 Rxd1 22. Rxd1 Qe7 23. Qf3 Re8 24. Nxg7 Kxg7 25. b3 Kf7 26. Bb2 Qe2 27. Bxf6
Qxf3 28. gxf3 Kxf6 29. Kf2 Re7 30. Rd5 Ke6 31. Re5+ Kf6 32. Rxe7 Kxe7 33. Ke3
Ke6 34. Ke4 b5 35. c4 b4 36. Kd3 Kf5 37. Ke3 h6 38. Kd3 Kxf4 39. Ke2 g5 40. Kf2
h5 41. Ke2 g4 42. fxg4 Kxg4 43. Kf2 Kf4 44. Kg2 Ke3 45. Kg3 Kd3 46. Kh4 Kc3 47.
Kxh5 Kb2 48. h4 Kxa2 49. Kg4 Kxb3 50. h5 Kxc4 51. h6 b3 52. h7 b2 53. h8=Q b1=Q
54. Qg8+ Kc3 55. Qg7+ Kc2 56. Qh7+ Kc1 57. Qh1+ Kb2 58. Qb7+ Kc2 59. Qe4+ Kb2
60. Qb7+ Kc1 61. Qh1+ Kb2 62. Qb7+ Kc1 63. Qh1+ Kb2 64. Qb7+ 1/2-1/2

[Event "chess.com Speed 3m+2spm 2017"]
[Site "chess.com INT"]
[Date "2017.11.18"]
[Round "2.16"]
[White "Carlsen, Magnus"]
[Black "So, Wesley"]
[Result "0-1"]
[WhiteTitle "GM"]
[BlackTitle "GM"]
[WhiteElo "2832"]
[BlackElo "2815"]
[WhiteFideId "1503014"]
[BlackFideId "5202213"]
[EventDate "2017.05.03"]

1. e4 c6 2. d4 d5 3. exd5 cxd5 4. Bd3 Nc6 5. c3 Qc7 6. Ne2 Nf6 7. Bf4 e5 8. dxe5
Nxe5 9. Bb5+ Kd8 10. O-O Bd6 11. Nd2 Be6 12. Nd4 a6 13. Re1 axb5 14. Nxb5 Qd7
15. Nxd6 Nd3 16. Bg3 Nxe1 17. Qxe1 Nh5 18. Qe5 Nxg3 19. Qxg3 Ke7 20. N2c4 dxc4
21. Rd1 Qc6 22. h4 Rhd8 0-1

[Event "chess.com Speed 3m+2spm 2017"]
[Site "chess.com INT"]
[Date "2017.11.18"]
[Round "2.17"]
[White "So, Wesley"]
[Black "Carlsen, Magnus"]
[Result "1-0"]
[WhiteTitle "GM"]
[BlackTitle "GM"]
[WhiteElo "2815"]
[BlackElo "2832"]
[WhiteFideId "5202213"]
[BlackFideId "1503014"]
[EventDate "2017.05.03"]

1. d4 Nf6 2. Nf3 e6 3. e3 d5 4. Bd3 Bd6 5. b3 O-O 6. O-O c5 7. Bb2 cxd4 8. exd4
Nc6 9. Nbd2 Nb4 10. Be2 b6 11. Ne5 Bb7 12. a3 Nc6 13. Bd3 Rc8 14. Re1 Ne7 15.
Qe2 Ng6 16. g3 b5 17. Rac1 a6 18. b4 Bxe5 19. dxe5 Ne4 20. Bd4 Qg5 21. Nf3 Qf5
22. c3 Rc4 23. Nd2 Nxe5 24. Bxe5 Qxe5 25. Bxc4 bxc4 26. Nxe4 Qxe4 27. Qxe4 dxe4
28. Kf1 Bd5 29. Ke2 f5 30. a4 Rb8 31. Rb1 Kf7 32. b5 a5 33. b6 Ke7 34. Red1 Bb7
35. Rb5 Bc6 36. Rxa5 Rxb6 37. Ra7+ Kf6 38. Ke3 Rb3 39. Kd4 Rb2 40. Rf1 Bd5 41.
a5 Rd2+ 42. Kc5 Rc2 43. Kd4 Rd2+ 44. Kc5 Rc2 45. a6 Rxc3 46. Ra1 Rd3 47. Rd7 c3
48. a7 c2 49. Rc1 Rc3+ 50. Kb4 Rc8 51. Ka5 g5 52. Kb6 f4 53. gxf4 gxf4 54. Rc7
Rxc7 55. Kxc7 e3 56. fxe3 fxe3 57. Rxc2 Ke5 58. Rc5 e2 59. Rxd5+ exd5 60. a8=Q
Ke4 61. Kd6 1-0

[Event "chess.com Speed 3m+2spm 2017"]
[Site "chess.com INT"]
[Date "2017.11.18"]
[Round "2.18"]
[White "Carlsen, Magnus"]
[Black "So, Wesley"]
[Result "1/2-1/2"]
[WhiteTitle "GM"]
[BlackTitle "GM"]
[WhiteElo "2832"]
[BlackElo "2815"]
[WhiteFideId "1503014"]
[BlackFideId "5202213"]
[EventDate "2017.05.03"]

1. d4 Nf6 2. Nf3 d5 3. Bf4 Bf5 4. e3 e6 5. c4 Bxb1 6. Qxb1 Bb4+ 7. Kd1 Bd6 8.
Bg5 h6 9. Bh4 g5 10. Bg3 Ne4 11. Qc2 g4 12. Nd2 Bxg3 13. Nxe4 dxe4 14. hxg3 f5
15. Qb3 Nd7 16. c5 Ke7 17. Bc4 e5 18. Rh5 exd4 19. Rxf5 Rf8 20. Rxf8 Kxf8 21.
exd4 Ne5 22. Qc3 Nxc4 23. Qxc4 b5 24. cxb6 cxb6 25. Rc1 Qd6 26. Ke2 Rd8 27. Ke3
Qf6 28. Rc3 Qg5+ 29. Ke2 Qf6 30. d5 Qe5 31. Qc6 Qxd5 32. Qxd5 Rxd5 33. Rc4 h5
34. Rxe4 Rc5 35. Kd3 Kf7 36. f3 Rg5 37. fxg4 hxg4 38. Ke3 Kf6 39. Kf4 Rf5+ 40.
Kxg4 Rd5 41. Kf3 Kf5 42. g4+ Kg5 43. a4 b5 44. Rf4 bxa4 45. Rf5+ Rxf5+ 46. gxf5
Kxf5 47. g4+ Kg5 48. Kg3 a5 49. Kf3 Kg6 50. Kf4 Kf6 51. g5+ Kg6 52. Kg4 a3 53.
bxa3 a4 54. Kf4 Kg7 55. Kf5 Kf7 56. Kg4 Kg6 57. Kh4 Kg7 58. Kg3 Kg6 59. Kf4 Kg7
60. Kf5 Kf7 61. g6+ Kg7 62. Kg5 Kg8 63. Kf6 Kf8 64. Ke6 Kg7 65. Kf5 Kg8 66. Kf6
Kf8 67. Ke6 Kg7 68. Kd5 Kxg6 69. Kc6 Kf7 70. Kb5 Ke8 71. Kxa4 Kd8 72. Kb5 Kc8
73. Kb6 Kb8 74. a4 Ka8 75. a5 Kb8 76. a6 Ka8 77. a7 1/2-1/2

[Event "chess.com Speed 3m+2spm 2017"]
[Site "chess.com INT"]
[Date "2017.11.18"]
[Round "2.19"]
[White "So, Wesley"]
[Black "Carlsen, Magnus"]
[Result "1/2-1/2"]
[WhiteTitle "GM"]
[BlackTitle "GM"]
[WhiteElo "2815"]
[BlackElo "2832"]
[WhiteFideId "5202213"]
[BlackFideId "1503014"]
[EventDate "2017.05.03"]

1. Nf3 e6 2. b3 Nf6 3. Bb2 b6 4. g3 Bb7 5. Bg2 d5 6. c4 dxc4 7. bxc4 c5 8. O-O
Be7 9. d3 O-O 10. Nbd2 Nc6 11. Ne5 Qc7 12. Ndf3 Nxe5 13. Bxe5 Qd7 14. a4 Qc8 15.
a5 Nd7 16. Bc3 Bc6 17. Qc2 Bf6 18. Bxf6 Nxf6 19. Rfb1 Qc7 20. Qc3 Nd7 21. Nd2
Bxg2 22. Kxg2 h6 23. Ra3 Rab8 24. axb6 axb6 25. Rba1 Ne5 26. Ra7 Rb7 27. Ra8
Rbb8 28. R8a7 Rb7 29. Ra8 Rbb8 30. R8a7 1/2-1/2

[Event "chess.com Speed 3m+2spm 2017"]
[Site "chess.com INT"]
[Date "2017.11.18"]
[Round "2.20"]
[White "Carlsen, Magnus"]
[Black "So, Wesley"]
[Result "0-1"]
[WhiteTitle "GM"]
[BlackTitle "GM"]
[WhiteElo "2832"]
[BlackElo "2815"]
[WhiteFideId "1503014"]
[BlackFideId "5202213"]
[EventDate "2017.05.03"]

1. e4 c6 2. d4 d5 3. exd5 cxd5 4. c3 Nc6 5. Bd3 Nf6 6. Bf4 Bg4 7. Qb3 Qc8 8. Nd2
e6 9. Ngf3 Be7 10. O-O Bh5 11. Rae1 Bg6 12. Bxg6 hxg6 13. h4 a6 14. a4 Nh5 15.
Bh2 Nf6 16. Bf4 Nh5 17. Bg5 Bxg5 18. hxg5 Qc7 19. Qxd5 Nf4 20. Qe4 O-O-O 21. g3
Nh3+ 22. Kg2 Rh5 23. Qg4 Rdh8 24. Ne4 Ne7 25. Rh1 Nd5 26. Ne5 Kb8 27. Qf3 f5 28.
gxf6 gxf6 29. Nxg6 R8h6 30. Nxf6 Nxf6 31. Qxf6 Rf5 32. Qxf5 exf5 33. Re8+ Ka7
34. Ne7 Qd7 35. Nc8+ Kb8 36. Rhe1 Nf4+ 37. Kf3 Ne6 38. Rg8 Nxd4+ 39. Kf4 Ne6+
40. Ke5 Nd8 0-1

[Event "chess.com Speed 3m+2spm 2017"]
[Site "chess.com INT"]
[Date "2017.11.18"]
[Round "2.21"]
[White "So, Wesley"]
[Black "Carlsen, Magnus"]
[Result "0-1"]
[WhiteTitle "GM"]
[BlackTitle "GM"]
[WhiteElo "2815"]
[BlackElo "2832"]
[WhiteFideId "5202213"]
[BlackFideId "1503014"]
[EventDate "2017.05.03"]

1. Nf3 Nf6 2. b3 c5 3. Bb2 Nc6 4. e3 g6 5. c4 Bg7 6. Be2 O-O 7. O-O d5 8. cxd5
Qxd5 9. Nc3 Qf5 10. Rc1 Rd8 11. Na4 b6 12. d4 Bb7 13. Bd3 Qh5 14. Be2 Qf5 15.
Bd3 Qd7 16. Bb5 Ne4 17. Qe2 Qf5 18. dxc5 Bxb2 19. Nxb2 bxc5 20. Ba6 Bxa6 21.
Qxa6 Nb4 22. Qa5 Qf6 23. Na4 Nxa2 24. Ra1 Nac3 25. Nxc5 Nd2 26. Nxd2 Rxd2 27.
Rac1 Ne2+ 28. Kh1 Rd5 29. Rc2 Qxf2 30. Qe1 Ng3+ 0-1

[Event "chess.com Speed 3m+2spm 2017"]
[Site "chess.com INT"]
[Date "2017.11.18"]
[Round "2.22"]
[White "Carlsen, Magnus"]
[Black "So, Wesley"]
[Result "1/2-1/2"]
[WhiteTitle "GM"]
[BlackTitle "GM"]
[WhiteElo "2832"]
[BlackElo "2815"]
[WhiteFideId "1503014"]
[BlackFideId "5202213"]
[EventDate "2017.05.03"]

1. d4 Nf6 2. Bg5 d5 3. Nd2 c5 4. dxc5 e6 5. Nb3 Nbd7 6. e3 h6 7. Bh4 Nxc5 8.
Nxc5 Bxc5 9. Nf3 O-O 10. Bd3 b6 11. O-O Bb7 12. c3 Be7 13. Qa4 Ne4 14. Bxe7 Qxe7
15. Bxe4 dxe4 16. Nd4 e5 17. Ne2 f5 18. Rad1 Rf7 19. g3 Raf8 20. Qxa7 f4 21.
Qxb6 f3 22. Nc1 Qg5 23. Rfe1 Qh5 24. Qb5 Rf6 25. h4 Rg6 26. Kh2 Rg4 27. Qf1 Bc8
28. Qh1 Rxh4+ 29. gxh4 Qxh4+ 30. Kg1 Qg4+ 31. Kf1 Ba6+ 32. Nd3 Rd8 33. b3 Bxd3+
34. Rxd3 exd3 35. Rd1 d2 36. c4 Qf5 37. Qh4 Kh7 38. e4 Qd7 39. Kg1 Qd3 40. Kh2
Qe2 41. Rg1 d1=Q 42. Rxg7+ Kxg7 43. Qe7+ Kg6 44. Qe6+ Kg7 45. Qe7+ Kg6 46. Qe6+
Kg7 47. Qe7+ 1/2-1/2

[Event "chess.com Speed 3m+2spm 2017"]
[Site "chess.com INT"]
[Date "2017.11.18"]
[Round "2.23"]
[White "So, Wesley"]
[Black "Carlsen, Magnus"]
[Result "1/2-1/2"]
[WhiteTitle "GM"]
[BlackTitle "GM"]
[WhiteElo "2815"]
[BlackElo "2832"]
[WhiteFideId "5202213"]
[BlackFideId "1503014"]
[EventDate "2017.05.03"]

1. Nf3 d5 2. d4 Nf6 3. Bf4 c5 4. e3 e6 5. Nbd2 Bd6 6. Bg3 O-O 7. c3 Qc7 8. Bd3
Nbd7 9. O-O b6 10. e4 Bxg3 11. hxg3 dxe4 12. Nxe4 Bb7 13. Qe2 Rfd8 14. Rad1 cxd4
15. Nxd4 a6 16. Rfe1 h6 17. Rd2 Nxe4 18. Bxe4 Bxe4 19. Qxe4 Nf6 20. Qe2 Rd5 21.
Red1 b5 22. Nc2 Rad8 23. Ne3 Rxd2 24. Rxd2 Rxd2 25. Qxd2 Ne4 26. Qd4 Nd6 27. a4
Nc4 28. axb5 axb5 29. b3 Ne5 30. c4 bxc4 31. Nxc4 Nc6 32. Qc5 Qd8 33. Qxc6 Qd1+
34. Kh2 Qh5+ 35. Kg1 Qd1+ 36. Kh2 Qh5+ 37. Kg1 1/2-1/2

[Event "chess.com Speed 1m+1spm 2017"]
[Site "chess.com INT"]
[Date "2017.11.18"]
[Round "2.25"]
[White "So, Wesley"]
[Black "Carlsen, Magnus"]
[Result "0-1"]
[WhiteTitle "GM"]
[BlackTitle "GM"]
[WhiteElo "2815"]
[BlackElo "2832"]
[WhiteFideId "5202213"]
[BlackFideId "1503014"]
[EventDate "2017.05.03"]

1. e4 g6 2. d4 Bg7 3. Nc3 d6 4. Be3 a6 5. Nf3 b5 6. Bd3 Nd7 7. e5 e6 8. Ne4 d5
9. Ng3 c5 10. c3 Ne7 11. Qe2 Nc6 12. Qd2 c4 13. Bc2 a5 14. Bh6 Bf8 15. h4 b4 16.
h5 Rg8 17. hxg6 hxg6 18. Ng5 Bxh6 19. Rxh6 Nf8 20. Qf4 Ra7 21. Kd2 a4 22. a3
bxc3+ 23. bxc3 Qe7 24. Rah1 Qxa3 25. Rh8 Rxh8 26. Rxh8 Na5 27. Nh7 Nb3+ 28. Ke2
Kd7 29. Qxf7+ Kc6 30. Qxa7 Qb2 31. Qxa4+ Kc7 32. Rxf8 Qxc2+ 33. Kf3 Nxd4+ 34.
cxd4 Qxa4 0-1

[Event "chess.com Speed 1m+1spm 2017"]
[Site "chess.com INT"]
[Date "2017.11.18"]
[Round "2.26"]
[White "Carlsen, Magnus"]
[Black "So, Wesley"]
[Result "1-0"]
[WhiteTitle "GM"]
[BlackTitle "GM"]
[WhiteElo "2832"]
[BlackElo "2815"]
[WhiteFideId "1503014"]
[BlackFideId "5202213"]
[EventDate "2017.05.03"]

1. Nf3 Nf6 2. g3 b6 3. Bg2 Bb7 4. O-O c5 5. d3 g6 6. e4 Bg7 7. a4 O-O 8. Re1 Nc6
9. Nbd2 d6 10. Nc4 a6 11. e5 Nxe5 12. Nfxe5 Bxg2 13. Kxg2 dxe5 14. Nxe5 e6 15.
Qf3 Nd5 16. Bd2 Qc7 17. Nc4 b5 18. axb5 axb5 19. Rxa8 Rxa8 20. Ne3 Rd8 21. Nxd5
Rxd5 22. Qxd5 1-0

[Event "chess.com Speed 1m+1spm 2017"]
[Site "chess.com INT"]
[Date "2017.11.18"]
[Round "2.27"]
[White "So, Wesley"]
[Black "Carlsen, Magnus"]
[Result "0-1"]
[WhiteTitle "GM"]
[BlackTitle "GM"]
[WhiteElo "2815"]
[BlackElo "2832"]
[WhiteFideId "5202213"]
[BlackFideId "1503014"]
[EventDate "2017.05.03"]

1. Nf3 Nf6 2. c4 c6 3. Nc3 d5 4. e3 Bg4 5. d4 e6 6. h3 Bxf3 7. Qxf3 Nbd7 8. Bd3
Bb4 9. O-O O-O 10. Qd1 Re8 11. Bd2 dxc4 12. Bxc4 Qe7 13. a3 Bd6 14. Qc2 Rad8 15.
Rfd1 h5 16. b4 h4 17. b5 e5 18. bxc6 bxc6 19. Be2 exd4 20. exd4 c5 21. dxc5 Bxc5
22. Bb5 Qe5 23. Re1 Qg3 24. Rxe8+ Rxe8 25. Qf5 Re5 26. Qf4 Nb6 27. Bc6 Nc4 28.
Rf1 Re6 29. Bf3 Nxd2 30. Qxd2 Qe5 31. Rd1 Bd6 32. Kf1 Qh2 33. Ne2 Qh1+ 34. Ng1
Bh2 35. Qd8+ 0-1

[Event "chess.com Speed 1m+1spm 2017"]
[Site "chess.com INT"]
[Date "2017.11.18"]
[Round "2.28"]
[White "Carlsen, Magnus"]
[Black "So, Wesley"]
[Result "1-0"]
[WhiteTitle "GM"]
[BlackTitle "GM"]
[WhiteElo "2832"]
[BlackElo "2815"]
[WhiteFideId "1503014"]
[BlackFideId "5202213"]
[EventDate "2017.05.03"]

1. d4 d5 2. Nf3 e6 3. c4 Nf6 4. Nc3 c5 5. e3 dxc4 6. Bxc4 a6 7. O-O b5 8. Be2
Bb7 9. dxc5 Bxc5 10. Qxd8+ Kxd8 11. Nd2 Ke7 12. Nb3 Bb6 13. a4 b4 14. a5 Bc7 15.
Na4 Nbd7 16. Bd2 Bd6 17. Rfc1 Rhc8 18. Nb6 Rxc1+ 19. Rxc1 Nxb6 20. axb6 a5 21.
Nc5 Rb8 22. Nxb7 Rxb7 23. Ra1 Rxb6 24. Rxa5 Rb7 25. Bd3 Rd7 26. Kf1 Bxh2 27.
Bxb4+ Bd6 28. Bc3 g6 29. Ke2 Nd5 30. Bd2 Bb4 31. Rxd5 1-0

[Event "chess.com Speed 1m+1spm 2017"]
[Site "chess.com INT"]
[Date "2017.11.18"]
[Round "2.29"]
[White "So, Wesley"]
[Black "Carlsen, Magnus"]
[Result "0-1"]
[WhiteTitle "GM"]
[BlackTitle "GM"]
[WhiteElo "2815"]
[BlackElo "2832"]
[WhiteFideId "5202213"]
[BlackFideId "1503014"]
[EventDate "2017.05.03"]

1. Nf3 d6 2. b3 e5 3. Bb2 f5 4. c4 Nf6 5. e3 g6 6. Be2 Bg7 7. O-O O-O 8. Nc3 Nc6
9. d4 e4 10. Ne1 Ne7 11. d5 g5 12. Nc2 Ng6 13. Rc1 f4 14. Nd4 Qe7 15. Re1 Nh4
16. Bf1 Ng4 17. Rc2 Qe5 18. h3 fxe3 19. hxg4 exf2+ 20. Rxf2 Rxf2 21. Rxe4 Qg3 0-1

[Event "chess.com Speed 1m+1spm 2017"]
[Site "chess.com INT"]
[Date "2017.11.18"]
[Round "2.30"]
[White "Carlsen, Magnus"]
[Black "So, Wesley"]
[Result "1-0"]
[WhiteTitle "GM"]
[BlackTitle "GM"]
[WhiteElo "2832"]
[BlackElo "2815"]
[WhiteFideId "1503014"]
[BlackFideId "5202213"]
[EventDate "2017.05.03"]

1. e4 c6 2. Bc4 d5 3. Bb3 e6 4. Nc3 Nf6 5. d3 dxe4 6. Nxe4 Nxe4 7. dxe4 Qxd1+ 8.
Kxd1 Nd7 9. c3 Nc5 10. Bc2 a5 11. Nf3 b6 12. Be3 Ba6 13. Ne5 Rc8 14. b4 Nd7 15.
Nxd7 Kxd7 16. bxa5 bxa5 17. Kc1 Ba3+ 18. Kd2 Rhd8 19. Bb6 Re8 20. Rhd1 Rb8 21.
Rab1 Bc4 22. Bxa5 Rxb1 23. Rxb1 Ra8 24. Rb7+ Kc8 25. Rc7+ Kb8 26. Rxc6 Rxa5 27.
Rxc4 Bd6 28. Ra4 Rxa4 29. Bxa4 Bxh2 30. g3 h5 31. Be8 h4 32. gxh4 f6 33. Bf7 e5
34. Kd3 Kb7 35. Ke2 Bf4 36. Kf3 Kb6 37. Kg4 Bd2 38. Kf5 Kc5 39. Kg6 Bh6 40. h5
Kb5 41. Bb3 Ka5 42. a4 Kb6 43. c4 Kc5 44. a5 Kc6 45. Ba4+ Kc5 46. Bb5 1-0

[Event "chess.com Speed 1m+1spm 2017"]
[Site "chess.com INT"]
[Date "2017.11.18"]
[Round "2.31"]
[White "So, Wesley"]
[Black "Carlsen, Magnus"]
[Result "1/2-1/2"]
[WhiteTitle "GM"]
[BlackTitle "GM"]
[WhiteElo "2815"]
[BlackElo "2832"]
[WhiteFideId "5202213"]
[BlackFideId "1503014"]
[EventDate "2017.05.03"]

1. Nf3 d5 2. d4 Bf5 3. Bf4 e6 4. e3 Bd6 5. Bg3 Ne7 6. Nbd2 O-O 7. Nh4 c5 8. c3
Nbc6 9. Nxf5 Nxf5 10. Bd3 Nxg3 11. hxg3 h6 12. Nf3 cxd4 13. exd4 Re8 14. O-O e5
15. dxe5 Nxe5 16. Nxe5 Rxe5 17. Bc2 Qf6 18. Qd3 g6 19. Rae1 Rae8 20. Rxe5 Rxe5
21. Bb3 Qe6 22. Rd1 Re1+ 23. Kh2 Rxd1 24. Qxd1 Bc5 25. Bxd5 Qf5 26. f4 b6 27. b4
Bf2 28. Qf3 Qh5+ 29. Qxh5 gxh5 30. c4 h4 31. gxh4 Bxh4 32. c5 bxc5 33. bxc5 Be7
34. c6 Bd6 35. g3 Kg7 36. Kh3 Bc7 37. a4 a5 38. Kg4 Bd6 39. Kf5 Bc7 40. Bf3 Bd6
41. Bh5 Bc7 42. Ke4 Kf6 43. Kd5 Ke7 44. Kc5 f6 45. Kd5 Bb6 46. Bg4 Bc7 47. Bh3
Bb6 48. Bg4 Bd8 49. Be2 Bb6 50. Ke4 Bf2 51. g4 Kd6 52. Kf5 Be3 53. Bf3 Kc7 54.
Bd5 Bd2 55. Be4 Bc1 56. Bd5 Bd2 57. Ke4 Bc1 58. Kf3 Kd6 59. Kg3 Bd2 60. Be4 Bc1
61. Kf3 Bd2 62. f5 Bc3 63. Ke2 Be5 64. Kd3 Kc5 65. Bf3 Bc7 66. Kc3 Be5+ 67. Kd3
Bc7 68. Kc3 Be5+ 69. Kd3 Bc7 1/2-1/2

[Event "chess.com Speed 1m+1spm 2017"]
[Site "chess.com INT"]
[Date "2017.11.18"]
[Round "2.32"]
[White "Carlsen, Magnus"]
[Black "So, Wesley"]
[Result "1-0"]
[WhiteTitle "GM"]
[BlackTitle "GM"]
[WhiteElo "2832"]
[BlackElo "2815"]
[WhiteFideId "1503014"]
[BlackFideId "5202213"]
[EventDate "2017.05.03"]

1. d4 d5 2. c4 e6 3. Nc3 Nf6 4. cxd5 Nxd5 5. e4 Nxc3 6. bxc3 c5 7. Rb1 Be7 8.
Nf3 O-O 9. Bc4 Qc7 10. Qe2 a6 11. O-O b5 12. Bd3 Bb7 13. a4 bxa4 14. Bf4 Qc8 15.
d5 exd5 16. exd5 Bf6 17. Bg5 Re8 18. Qc2 Bxg5 19. Bxh7+ Kf8 20. Bf5 Qc7 21. Nxg5
Bxd5 22. Qxa4 Qe5 23. Qh4 Qxf5 24. Qh8+ Ke7 25. Rfe1+ Be6 26. Qxg7 Kd6 27. Nxe6
Rxe6 28. Qf8+ Kc7 29. Red1 1-0